00666nam a2200181 i 450000100060000000300090000600500170001500700030003200800410003510000530007624500740012926000680020330000280027170000260029985200210032599900170034695201210036330218ES-MaACL20251125063448.0t|030124s1904 fr ||||1| fre d1 aAndreev, Leonid Nikolaevich, d1871-1919924253013aLe gouffre / cLéonide Andréief ; traduit du russe par S. Persky. aParís : bLibrairie Academique Didier Perrin et Cie., c1904. aVIII, 277 p. ; c19 cm.1 aPersky, Serge.991402 aES-MaACLjF-2510 c30218d30218 00104070aATENEOMbATENEOMcDEPO2d2008-01-17eSCl0oF-2510p1031196r2023-02-23 00:00:00w2023-02-23yMONOGRAFIA